000 00550nam a2200217Ia 4500
003 GCL
008 140319s9999 xx 000 0 eng d
040 _aGCL /
_cGCL
082 0 4 _aCC
_b726.932
_bG B
100 1 _aGOLVIN, JEAN CLAUDE
245 1 0 _aLES BATISSEURS DE KARNAK /
_cGOLVIN, JEAN CLAUDE
700 1 _aGOYON, JEAN CLAUDE
260 _a[S.N] :
_bPREESSES DU ANRS ،
_c1987
300 _a141 P
650 0 4 _aLUXOR
650 0 4 _aANCIENT EGYPT
650 0 4 _aTEMPLES
650 0 4 _aKARNAK
650 0 4 _aKARNAK (EGYPT)
942 _2ddc
_cBK
999 _c14092
_d14092